日本の高速道路の路線名 - Statistics

General Stats
  • This quiz has been taken 647 times
  • The average score is 44 of 134
Answer Stats
ナンバリング 路線名 % Correct
E1 東名高速道路
95%
E4/E46/E48 東北自動車道
91%
E1A 新東名高速道路
90%
E2 山陽自動車道
89%
E1 名神高速道路
86%
E8 北陸自動車道
83%
E3 九州自動車道
82%
E19/E20/E68 中央自動車道
81%
E1A 新名神高速道路
79%
E2A 中国自動車道
79%
E9 山陰自動車道
79%
E17 関越自動車道
73%
E6 常磐自動車道
69%
E1A 伊勢湾岸自動車道
64%
C4 首都圏中央連絡自動車道
64%
E7/E46 秋田自動車道
61%
E5 道央自動車道
60%
E34 長崎自動車道
60%
E10/E78 東九州自動車道
59%
E48 山形自動車道
58%
E19 長野自動車道
57%
E32/E11 徳島自動車道
57%
E32/E56 高知自動車道
56%
E38/E44/E61 道東自動車道
54%
E11/E56 松山自動車道
52%
E49 磐越自動車道
52%
E11 高松自動車道
51%
E18 上信越自動車道
49%
E34 大分自動車道
49%
E50 北関東自動車道
49%
E51 東関東自動車道
49%
E45 三陸自動車道
48%
E4A 八戸自動車道
46%
E29 鳥取自動車道
46%
E41 東海北陸自動車道
46%
E23 東名阪自動車道
45%
E58 沖縄自動車道
45%
E26/E42 阪和自動車道
44%
E4A 青森自動車道
43%
E10 宮崎自動車道
43%
E35 西九州自動車道
43%
E27 舞鶴若狭自動車道
40%
E73 岡山自動車道
40%
E74 広島自動車道
40%
E24 京奈和自動車道
39%
E26 近畿自動車道
39%
E42 紀勢自動車道
39%
E23 伊勢自動車道
38%
E54 松江自動車道
38%
E73 米子自動車道
38%
E88 京滋バイパス
38%
E7 日本海東北自動車道
37%
E14 京葉道路
37%
E25 西名阪自動車道
37%
E52 中部横断自動車道
37%
E67 中部縦貫自動車道
36%
E76 西瀬戸自動車道
36%
C3 東京外環自動車道
36%
CA 東京湾アクアライン
36%
E14 館山自動車道
34%
E28 神戸淡路鳴門自動車道
34%
E74 浜田自動車道
34%
E9 京都縦貫自動車道
33%
E69 三遠南信自動車道
33%
C3 東海環状自動車道
33%
E13 東北中央自動車道
30%
E2A 関門自動車道
28%
E3A 南九州自動車道
28%
E30 瀬戸中央自動車道
28%
E5A 札樽自動車道
27%
E16 横浜横須賀道路
27%
E29 播磨自動車道
26%
E85 小田原厚木道路
26%
C2 名古屋第二環状自動車道
25%
E6 仙台東部道路
23%
E46 釜石自動車道
23%
E54 尾道自動車道
23%
E89 第二京阪道路
23%
E84 西湘バイパス
22%
E93/E94 第二神明道路
21%
E2 広島岩国道路
20%
E41 能越自動車道
20%
E48 仙台南部道路
20%
E83 第三京浜道路
20%
E2 山口宇部道路
19%
E6 仙台北部道路
19%
E70 伊豆縦貫自動車道
18%
E71 関西空港自動車道
18%
E63 日高自動車道
17%
E65 新空港自動車道
17%
E83 横浜新道
17%
E92 第二阪奈有料道路
16%
E4A みちのく有料道路
15%
E5A 後志自動車道
15%
E77 九州中央自動車道
15%
E95 播但連絡道路
15%
E31 広島呉道路
14%
E58 那覇空港自動車道
14%
E72 北近畿豊岡自動車道
14%
E87 知多半島道路
14%
E64 津軽自動車道
13%
E9 山陰近畿自動車道
12%
E14 富津館山道路
12%
E62 深川・留萌自動車道
12%
E91 南阪奈道路
12%
E4A 第二みちのく有料道路
11%
E81 日光宇都宮道路
11%
E84 新湘南バイパス
11%
E39 旭川・紋別自動車道
10%
E50 東水戸道路
10%
E68 東富士五湖道路
10%
E82 千葉東金道路
10%
E4A 百石道路
9%
E55 阿南安芸自動車道
9%
E55 高知東部自動車道
9%
E60 帯広・広尾自動車道
9%
E61 十勝オホーツク自動車道
9%
E4A 上北自動車道
8%
E5A 黒松内新道
8%
E42 湯浅御坊道路
8%
E76 今治小松自動車道
7%
E80 あぶくま高原道路
7%
E50 常陸那珂有料道路
6%
E59 函館・江差自動車道
6%
E75 東広島呉自動車道
6%
E90 堺泉北有料道路
6%
E96 長崎バイパス
6%
E13 湯沢横手道路
5%
E34 ながさき出島道路
5%
E87 セントレアライン
5%
E97 大分空港道路
5%
E97 日出バイパス
5%
E98 一ッ葉有料道路
3%
E86 のと海山道路
1%
No matching quizzes found
Score Distribution
Percent of People with Each Score
Percentile by Number Answered
Your Score History
You have not taken this quiz